| 000 | 01864cam a2200445 a 4500 | ||
|---|---|---|---|
| 001 | 17476758 | ||
| 003 | Nust | ||
| 005 | 20231003172240.0 | ||
| 008 | 120927s2012 enka b 001 0 eng d | ||
| 010 | _a 2012454575 | ||
| 015 |
_aGBB204007 _2bnb |
||
| 016 | 7 |
_a016009744 _2Uk |
|
| 020 | _a9781107013070 | ||
| 035 | _a(OCoLC)ocn773429642 | ||
| 040 |
_aUKMGB _cUKMGB _dERASA _dYDXCP _dBWX _dYNK _dCDX _dTXH _dWAU _dZCU _dXII _dDLC |
||
| 041 | 1 |
_aeng _hchi |
|
| 042 | _alccopycat | ||
| 043 | _aa-cc--- | ||
| 082 | 0 | 4 |
_a951 _bHIS |
| 100 |
_aYuan Xingpei, yan Wenming; _9118318 |
||
| 130 | 0 |
_aZhonghua wen ming zhi guang. _lEnglish _914238 |
|
| 245 | 1 | 4 |
_aThe history of Chinese civilization / _c Yuan Xingpei; |
| 260 |
_aCambridge ; _aNew York : _bCambridge University Press, _c2012. |
||
| 300 |
_axxi, 766 p. _bill. (some col.) ; _c24 cm. |
||
| 490 | 1 | _aThe Cambridge China library | |
| 500 | _a"Originally published by Peking University Press as History of Chinese civilization, 2006"--T.p. verso. | ||
| 505 | 0 | _av. 1. Earliest times-221 B.C.E. / volume editor, Yan Wenming -- v. 2. Qin, Han, Wei, Jin, and the Northern and Southern dynasties / volume editor, Zhang Chuanxi -- v. 3. Sui and Tang to mid-Ming dynasties (581-1525) / volume editor Yuan Xingpei -- v. 4. Late Ming and Qing dynasties (1525-1911) / volume editor, Lou Yulie. | |
| 546 | _aTranslated from the Chinese. | ||
| 651 | 0 |
_aChina _xCivilization. _912672 |
|
| 700 | 1 |
_aYuan, Xingpei. _914239 |
|
| 700 | 1 |
_aKnechtges, David R. _914240 |
|
| 700 | 1 |
_aYan, Wenming. _914241 |
|
| 700 | 1 |
_aZhang, Chuanxi. _914242 |
|
| 700 | 1 |
_aDeng, Xiaonan. _914243 |
|
| 700 | 1 | _aLou, Yulie. | |
| 830 | 0 |
_aCambridge China library. _914245 |
|
| 906 |
_a7 _bcbc _ccopycat _d1 _encip _f20 _gy-gencatlg |
||
| 942 |
_2ddc _cBK |
||
| 999 |
_c234118 _d234118 |
||